000 00493nam a22001217a 4500
999 _c21354
_d21354
008 240906b ||||| |||| 00| 0 eng d
100 _aOmelan, Hope O.
_eauthor.
_960269
245 _aScience investigatory project :
_bpaper mache'as alternative coal for cooking /
_cHope O. Omelan.
260 _aPhilippines;
_bPublishers Association of the Philippines, Inc.,
_cJuly 2019.
300 _aVolume 168, pages 62,
_billustration.
700 _aOmelan, Hope O.
_eauthor.
_960269
942 _2ddc
_cPER